| 000 | 00781 a2200277 4500 | ||
|---|---|---|---|
| 999 |
_c200425025 _d41482 |
||
| 001 | 200425025 | ||
| 003 | TR-AnTOB | ||
| 005 | 20190408221724.0 | ||
| 008 | 160829e2015 tu 001 0 | ||
| 020 | _a9789750234545 | ||
| 040 |
_aTRTER _btur _erda _cTR-AnTOB |
||
| 041 | _atur | ||
| 050 | 0 |
_aKKX4246 _b.M46 2015 |
|
| 090 |
_aKKX4246 _b.M46 2015 |
||
| 100 | 1 |
_aMemiş, Yusuf _9115716 |
|
| 245 | 1 | 0 |
_aElektrikte Kayıp – Kaçak Bedeli Davaları / _cYusuf Memiş. |
| 264 | 1 |
_aAnkara: _bSeçkin, _c2015 |
|
| 300 |
_a600 pages ; _c24 cm |
||
| 336 |
_atext _2rdacontent. |
||
| 337 |
_aunmediated _2rdamedia. |
||
| 338 |
_avolume _2rdacarrier. |
||
| 650 | 0 |
_aEnerji tüketimi _zTürkiye _920421 |
|
| 650 | 0 |
_aEnergy consumption _zTurkey _920423 |
|
| 942 |
_cBK _2lcc |
||